000 00674nam a22001937a 4500
005 20170704143147.0
020 _a9789332516977
_c240.00
035 _aB-668075
037 _bTechniz Books/Ven
_adpl
082 _a 612.8076
100 _aPreece, Emma
245 _aBiological psychology /
_cby Emma Preece
260 _c2014
_aDelhi
_bPearson India
270 _a11 Community Centre, Panchsheel Park
_bNew Delhi
_e110017
300 _c24cm(pbk)
_axv,208p. :
500 _aIncludes index
942 _cEN
_2ddc
_mPRE
_h 612.8076
999 _c142275
_d142275